00435nam a22001457a 4500008004100000020001500041082001300056100001900069245013200088260002500220300000900245440000800254942001200262999001500274230718b xxu||||| |||| 00| 0 eng d a9231026341 a370bSAY cRaymond Sayegh aInternational Yearbook of educationbThe Diversification of post-secondary education in relation to E,ploymentcvolume XLI-1989 aFrancebUNESCOc1990 a167p vXLI 2ddccBK c3993d3993